000 00809nas a2200265 4500
001 BR0000705
003 BR-BrBNA
005 20231205101708.0
007 ta
008 230509b bl.|||p| |||| 00| 00por d
040 _aBR-BrBNA
_bpor
_cBiblioteca Nacional de Agricultura
041 _a(Pt)
072 _aP32
100 1 _aFerreira, M.M.
100 1 _aFernandes, B.
100 1 _aCuri, N.
245 1 _aMineralogia da fracao argila e estrutura de latossolos da regiao sudeste do Brasil
650 _aLatossolo
650 _aArgila
650 _aMineralogia
650 _aPropriedade Fisico-Quimica
773 0 _tRevista Brasileira de Ciencia do Solo (Brazil)
_xISSN 0100-0683
_g(Jul-Sep 1999), v. 23(3) p. 507-514
_wBR0000705
909 _a202311
_bLúcia
_c55
_dLúcia Elande
942 _2AGRIS
_n0
_cANA
999 _c163324
_d163324